000 01279nam a2200337 a 4500
001 000115843
003 CHAP
005 20220329144551.0
008 190715s2019 mx a sm |||||||spa d
010 _a112304
011 _a113276
040 _cCHAP
090 _aTesis
100 1 _aLopez Lazaro, Diana laura.
_9136502
245 1 0 _aProductividad de caliz de jamaica (Hibiscus sabdariffa L.) en respuesta a reguladores de crecimiento /
_h[En línea]
_cpor Diana Laura Lopez Lazaro.
260 _aChapingo, Méx. :
_bEl autor,
_c2019.
500 _aPara ver el contenido del material haga clic en la liga
502 _aTesis (Ing. Agr. Fitotecnista) -- Colegio Superior Agropecuario del Estado de Guerrero. Centro de EStudios Profesionales
590 _aBATCH-UPD
_b05
_c20190715
_lUCH01
_h1543
590 _aE8697GMM
_b05
_c20190715
_lUCH01
_h1300
590 _aE8697GMM
_b05
_c20190715
_lUCH01
_h1301
590 _aE8697GMM
_b05
_c20190715
_lUCH01
_h1542
650 1 4 _aJamaica
_xGenética.
_960994
650 1 4 _aJamaica
_xProducción.
_961000
650 1 4 _aJamaica
_xRendimiento.
_961001
650 1 4 _aPlantas
_xCrecimiento
_xAditivos.
_988804
856 _aFinding aid
_uhttp://10.13.5.2/tesis/sist115843.pdf
_zTeclea aquí
901 _aBK
942 _cTESIS
942 _n0
999 _c112304
_d112304